000 007880000a22002170004500
090 _aAR
_b01216
245 1 0 _aResource availability, diet and reproduction in Glossophaga longirostris (<Mammalia: Chiroptera>) in an arid zone of the Venezuela Andes
650 1 4 _aMurciélagos
_92659
650 1 4 _aReproducción animal
_987770
650 1 4 _aHábitos alimentarios
_93824
650 1 4 _aRelación planta-animal
_992861
650 1 4 _aPolinización
_994027
650 1 4 _aZonas áridas
_93658
651 4 _lLagunillas
_pVenezuela
_992749
653 _fChiroptera
_gGlossophaga
_eGlossophaga longirostris
041 0 _aInglés
700 1 _aSoriano M., Pascual J.
_994184
100 1 _aSosa, Maricela
_994489
942 _cARTICULO
773 1 _tJournal of Tropical Ecology
_312
_h12
_q805-818
_d1996
999 _c10302
_d10302